Administración : (Registro nro. 374)
[ vista simple ]
| 000 -LEADER | |
|---|---|
| fixed length control field | 01345nam a2200265Ia 4500 |
| 003 - CONTROL NUMBER IDENTIFIER | |
| control field | PE SENCICO BE |
| 005 - DATE AND TIME OF LATEST TRANSACTION | |
| control field | 20251020182435.0 |
| 008 - FIXED-LENGTH DATA ELEMENTS--GENERAL INFORMATION | |
| fixed length control field | 200515s9999 xx 000 0 und d |
| 040 ## - CATALOGING SOURCE | |
| Original cataloging agency | PE SENCICO BE |
| Transcribing agency | PE SENCICO BE |
| 082 ## - DEWEY DECIMAL CLASSIFICATION NUMBER | |
| Classification number | 658 |
| Item number | H37 |
| 100 1# - MAIN ENTRY--PERSONAL NAME | |
| 9 (RLIN) | 1280 |
| Personal name | Hellriegel, Don |
| Relator term | autor |
| 245 10 - TITLE STATEMENT | |
| Title | Administración : |
| Remainder of title | un enfoque basado en competencias / |
| Statement of responsibility, etc. | Don Hellriegel, Susan E. Jackson, John W. Slocum |
| 250 ## - EDITION STATEMENT | |
| Edition statement | 12a ed. |
| 260 ## - PUBLICATION, DISTRIBUTION, ETC. | |
| Place of publication, distribution, etc. | México, D. F. : |
| Name of publisher, distributor, etc. | Cengage Learning, |
| Date of publication, distribution, etc. | 2017 |
| 300 ## - PHYSICAL DESCRIPTION | |
| Extent | xxx, 627 p. : |
| Other physical details | il. col., diagrs., tabls. ; |
| Dimensions | 27 cm. |
| 520 ## - SUMMARY, ETC. | |
| Summary, etc. | Esta decimosegunda edición ha sido actualizada y rediseñada a fondo, a fin de consolidar su larga tradición de excelencia y liderazgo. La obra ofrece un equilibrio entre teoría, aplicaciones e innovación que facilita la comprensión de la función de los directivos de hoy, al tiempo que determina las seis competencias gerenciales clave, cuya definición es el resultado de años de investigación por parte de cientos de gerentes y empresas. |
| 650 10 - SUBJECT ADDED ENTRY--TOPICAL TERM | |
| Topical term or geographic name entry element | Administración de empresas |
| 9 (RLIN) | 416 |
| 650 20 - SUBJECT ADDED ENTRY--TOPICAL TERM | |
| Topical term or geographic name entry element | Toma de decisiones |
| 9 (RLIN) | 930 |
| 650 20 - SUBJECT ADDED ENTRY--TOPICAL TERM | |
| Topical term or geographic name entry element | Planificación estratégica |
| 9 (RLIN) | 731 |
| 650 20 - SUBJECT ADDED ENTRY--TOPICAL TERM | |
| Topical term or geographic name entry element | Comportamiento organizacional |
| 9 (RLIN) | 1281 |
| 700 1# - ADDED ENTRY--PERSONAL NAME | |
| 9 (RLIN) | 1282 |
| Personal name | Jackson, Susan E. |
| Relator term | autor |
| 700 1# - ADDED ENTRY--PERSONAL NAME | |
| 9 (RLIN) | 1284 |
| Personal name | Slocum, John W. |
| Relator term | autor |
| 942 ## - ADDED ENTRY ELEMENTS (KOHA) | |
| Koha item type | Libros |
| Source of classification or shelving scheme | Dewey Decimal Classification |
| Fecha de la última vez que lo usaron | Número de ingreso o de inventario | Pago total | Signatura topográfica completa | Precio efectivo desde | Tipo de documento | Estado perdido | Sistema de clasificación | Estado dañado | No es para préstamo | Retirado | Ubicación permanente | Ubicación actual | Fecha de adquisición | Fuente de adquisición |
|---|---|---|---|---|---|---|---|---|---|---|---|---|---|---|
| 02/08/2023 | 16616 | 658/H37/2017 | 02/08/2023 | Libros | Dewey Decimal Classification | Biblioteca Central Lima | Biblioteca Central Lima | 26/07/2023 | comprado de la librería Libun |